LEADER 01132nam a2200241 i 4500 001 000000196293 003 CaOOAMICUS 005 20110216000000.0 008 110216s1976 it u000 u ita u 013 $a174974 040 $aSeMil$bita 245 10$aCostumi dei secoli 18. e 19. /$c[catalogo a cura di Grazietta Butazzi ] ; Comune di Milano, Ripartizione cultura e spettacolo, Civiche raccolte d'arte applicata. 260 $a[S.l. :$bs.n.],$cstampa 1976$e(Milano :$fCordani,$gstampa 1976) 300 $a64 p. :$bill. ;$c24 cm. 650 4$aMilano - Abbigliamento.$0(OLS)http://semarc/subject/32606 650 4$aModa - Milano - Sec. 18.-19.$0(OLS)http://semarc/subject/36866 700 1 $aButazzi, Grazietta.$0(OLS)http://semarc/name/60188 710 0 $aMilano .$0(OLS)http://semarc/name/1840 850 $aSeMil 852 $aSeMil$W1$xVenegono$y1$m3V V 130$j146856$B146856$CSeMilBibl$Z2$F166508 $81 961 $aOmaggio: Grampa dott. Cesare 996 $6245$aCostumi dei secoli 18. e 19.$9(OLS)http://semarc/title/283422 996 $6260$a[S.l. :$bs.n.]$9(OLS)http://semarc/publisher/29751 LEADER 01837nam a2200337 i 4500 001 000000119567 003 CaOOAMICUS 005 20160119000000.0 008 160119s2004 it u000 u mul u 013 $a92261 020 $a88-311-9087-3 040 $aSeMil$bita 100 1 $aFortunatianus : Aquileiensis,$c.$0(OLS)http://semarc/name/49844 245 10$aCommenti ai Vangeli /$cFortunaziano, vescovo di Aquileia ; a cura di Giulio Trettel. Sermoni / Cromazio, vescovo di Aquileia ; introduzione a cura di Joseph Lemarié e Giulio Trettel ; traduzione e note a cura di Giuseppe Cuscito. 260 $aAquileia :$bSocietà per la conservazione della Basilica di Aquileia,$c2004. 260 $aRoma :$bCittà Nuova,$c2004. 300 $a240 p. ;$c25 cm. 490 0 $aScrittori della Chiesa di Aquileia = Corpus Scriptorum Ecclesiae Aquileiensis ;$v4./1 500 $aAltro front. in latino. - Testo orig. a fronte. 700 1 $aTrettel, Giulio.$0(OLS)http://semarc/name/3704 700 1 $aCuscito, Giuseppe.$0(OLS)http://semarc/name/10730 700 1 $aChromatius : Aquileiensis .$0(OLS)http://semarc/name/3703 700 1 $aLemarié, Joseph,$c.$0(OLS)http://semarc/name/4727 830 0$aScrittori della Chiesa di Aquileia ;$v4./1.$0(OLS)http://semarc/title/94033 850 $aSeMil 852 $aSeMil$W1$xVenegono$y1$mSL1.V II 24/1$j74774$B74774$CSeMilBibl$Z2$F84704 $8I 961 $aSottoscrizione: Città Nuova (Agente) 996 $6020$a88-311-9087-3$9(OLS)http://semarc/number/104483 996 $6245$aCommenti ai Vangeli$9(OLS)http://semarc/title/175743 996 $6260$aRoma :$bCittà Nuova$9(OLS)http://semarc/publisher/29609 996 $6260$aAquileia :$bSocietà per la conservazione della Basilica di Aquileia$9(OLS)http://semarc/publisher/34673